000 00282nam a2200109 a 4500
005 20201002044926.0
008 140403s1971 000 spa d
100 _aHugo, Victor
_912874
245 3 _aEl noventa y tres.
260 _aMadrid -- Libra,
_c1971 -- 182 p.
999 _c43188
_d43188
040 _aDO-SdBNP